Computers (Record no. 13524)
[ view plain ]
| 000 -LEADER | |
|---|---|
| fixed length control field | 00430nam a22001697a 4500 |
| 020 ## - INTERNATIONAL STANDARD BOOK NUMBER | |
| International Standard Book Number | 9780137698295 |
| 082 ## - DEWEY DECIMAL CLASSIFICATION NUMBER | |
| Classification number | 004 LON |
| 100 ## - MAIN ENTRY--PERSONAL NAME | |
| Personal name | Long, Larry |
| 245 ## - TITLE STATEMENT | |
| Title | Computers |
| 250 ## - EDITION STATEMENT | |
| Edition statement | 5th ed. |
| 260 ## - PUBLICATION, DISTRIBUTION, ETC. | |
| Place of publication, distribution, etc. | New York |
| Name of publisher, distributor, etc. | Prentice Hall-International, Inc. |
| Date of publication, distribution, etc. | 1998 |
| 300 ## - PHYSICAL DESCRIPTION | |
| Extent | xxix, Various pages |
| 500 ## - GENERAL NOTE | |
| General note | Includes bibliographical references and index. |
| 650 ## - SUBJECT ADDED ENTRY--TOPICAL TERM | |
| Topical term or geographic name entry element | Computer Science |
| 700 ## - ADDED ENTRY--PERSONAL NAME | |
| Personal name | Long, Nancy |
| 942 ## - ADDED ENTRY ELEMENTS (KOHA) | |
| Koha item type | Book |
| Withdrawn status | Lost status | Damaged status | Not for loan | Collection code | Permanent Location | Current Location | Shelving location | Date acquired | Source of acquisition | Full call number | Barcode | Date last seen | Price effective from | Koha item type |
|---|---|---|---|---|---|---|---|---|---|---|---|---|---|---|
| NUST Law School (NLS) | NUST Law School (NLS) | First Floor - Computer Science | 04/04/2016 | Donation | 004 LON | SEECSD01247 | 04/02/2016 | 04/02/2016 | Book |
